书目信息 |
| 题名: |
量子计算与量子信息
|
|
| 作者: | 尼尔森 , 庄 著 | |
| 分册: | ||
| 出版信息: | 北京 清华大学出版社 2015.10 |
|
| 页数: | 676页 | |
| 开本: | ||
| 丛书名: | ||
| 单 册: | ||
| 中图分类: | O413.1 , TP387 | |
| 科图分类: | ||
| 主题词: | 量子力学--教材--英文--计算方法 , 第五代计算机--英文--教材 , 量子力学--英文--教材--计算方法 , 第五代计算机--教材--英文 , 量子力学--教材--英文--计算方法 , 第五代计算机--英文--教材 , 量子力学--英文--教材--计算方法 , 第五代计算机--教材--英文 | |
| 电子资源: | ||
| ISBN: | 978-7-302-39485-3 | |
| 000 | 01986nam0 2200421 450 | |
| 001 | 3101 | |
| 001 | 01XX11571585@CSLN | |
| 001 | 01XX11571585@CSLN | |
| 001 | 01XX11571585@CSLN | |
| 005 | 20161208082955.21 | |
| 010 | @a978-7-302-39485-3@dCNY99.00 | |
| 100 | @a20151021e2015 em y0chiy0110 ea | |
| 101 | 0 | @aeng@gchi |
| 102 | @aCN@b110000 | |
| 105 | @ay z 001yy | |
| 200 | 1 | @a量子计算与量子信息@9liang zi ji suan yu liang zi xin xi@b专著@dQuantum computation and quantum information@e10周年版@zeng@fMichael A. Nielsen,Isaac L. Chuang[著] |
| 205 | @a影印版 | |
| 210 | @a北京@c清华大学出版社@d2015.10 | |
| 215 | @a676页 | |
| 300 | @a国际著名物理图书——影印版系列 | |
| 306 | @a本书限中国大陆发行 | |
| 330 | @a本书分三大部分。第1部分为总论和量子物理学基础,还包括少量计算机科学基础知识。第2部分讲述量子计算,包括量子算法和实现量子算法的一些物理系统的基础内容。首先介绍了实现普适量子计算所需要的基本逻辑门——单量子比特门与条件非门。之后较详细地介绍了现有的两个主要量子算法问题,即质因数分解问题和搜索问题。第7章讲物理实现,介绍了几个主要的实现条件非门的物理系统;这些物理系统虽然目前尚未实现大规模量子计算,但是大多数已经实现或基本实现了普适量子计算所需要的基本逻辑门。第3部分为量子信息论,主要介绍量子纠错码和量子信息论的数学框架。 | |
| 333 | @a本书适用于量子计算和量子信息相关专业本科生和研究生 | |
| 510 | 1 | @aQuantum computation and quantum information@zeng |
| 606 | 0 | @a量子力学@j教材@j英文@x计算方法 |
| 606 | 0 | @a第五代计算机@j英文@j教材 |
| 606 | @a量子力学@j英文@j教材@x计算方法 | |
| 606 | @a第五代计算机@j教材@j英文 | |
| 606 | @a量子力学@j教材@j英文@x计算方法 | |
| 606 | @a第五代计算机@j英文@j教材 | |
| 606 | @a量子力学@j英文@j教材@x计算方法 | |
| 606 | @a第五代计算机@j教材@j英文 | |
| 690 | @aO413.1@v5 | |
| 690 | @aTP387@v5 | |
| 701 | 0 | @a尼尔森@9ni er sen@c(Nielsen, Michael A.)@c(美)@4著 |
| 701 | 0 | @a庄@9zhuang@c(Chuang, Isaac L.)@c(美)@4著 |
| 801 | 0 | @aCN@b大连网信软件有限公司图书馆·11@c20161208 |
| 905 | @aZUCC@dO413.1@e89 | |
| 量子计算与量子信息=Quantum computation and quantum information:10周年版/Michael A. Nielsen,Isaac L. Chuang[著].-影印版.-北京:清华大学出版社,2015.10 |
| 676页 |
| 国际著名物理图书——影印版系列.-使用对象:本书适用于量子计算和量子信息相关专业本科生和研究生 |
| ISBN 978-7-302-39485-3:CNY99.00 |
| 本书分三大部分。第1部分为总论和量子物理学基础,还包括少量计算机科学基础知识。第2部分讲述量子计算,包括量子算法和实现量子算法的一些物理系统的基础内容。首先介绍了实现普适量子计算所需要的基本逻辑门——单量子比特门与条件非门。之后较详细地介绍了现有的两个主要量子算法问题,即质因数分解问题和搜索问题。第7章讲物理实现,介绍了几个主要的实现条件非门的物理系统;这些物理系统虽然目前尚未实现大规模量子计算,但是大多数已经实现或基本实现了普适量子计算所需要的基本逻辑门。第3部分为量子信息论,主要介绍量子纠错码和量子信息论的数学框架。 |
| ● |
| 相关链接 |
|
|
|
|
正题名:量子计算与量子信息
索取号:O413.1/89
 
预约/预借
| 序号 | 登录号 | 条形码 | 馆藏地/架位号 | 状态 | 备注 |
| 1 | 913006 | 209130064 | 第二样本阅览室/ [索取号:O413.1/89] | 在馆 | |
| 2 | 913007 | 209130073 | 密集书库-物理学院/ [索取号:O413.1/89] | 在馆 | |
| 3 | 913008 | 209130082 | 第三借阅区/ [索取号:O413.1/89] | 在馆 | |
| 4 | 913009 | 209130091 | 第三借阅区/ [索取号:O413.1/89] | 在馆 |